00811cam a22002537a 4500003000500000005001700005008004100022010001000063011001000073035001000083040000900093100002900102245011600131260004100247300003000288502006900318650003400387650002400421650001900445650002400464650002700488650002500515650001700540CHAP20220817043750.0010320s2001 mx a r 00010 spa d a83778 a84750 a95276 cCHAP00aJoaquin Cancino, Victor.10aBotánica económica de cuatro especies de San Juan Ixcaquixtla, Mixteca Poblanac/por Victor Joaquin Cancino aChapingo, Méx. :bEl autor,c2001. a107 h. :bilus. ; cuadros aTesis (Ing. Forestal) -- UACH. División de Ciencias Forestales14aBotánica economicaxPuebla.14aBotánicaxPuebla.14aBrahea dulcis.14aHuertos familiares.14aLeucaena leucocephala.14aSideroxylon palmeri.14aStenocereus.